Famous Novel Anagrams Quiz Stats

 Plays Quiz Updated Apr 8, 2016

Challenge
Share
Tweet
Embed
Score 0/22 Timer 09:00
4 Plays Today
Anagram Book Title % Correct
Sly UsesUlysses
80.8%
The Tasty BeggarThe Great Gatsby
72.8%
Wander ApaceWar and Peace
72.4%
Greet With HushingWuthering Heights
63.6%
The Rectal SettlerThe Scarlet Letter
60.1%
Lever Drawn BowBrave New World
58.6%
Frothed FolliesLord of the Flies
50.7%
Forsaken HatredsHeart of Darkness
48.3%
Glass DaughterAtlas Shrugged
47.4%
The GrantersThe Stranger
38.9%
The Cavern SiestasThe Satanic Verses
36.7%
Anagram Book Title % Correct
A Fatal Worm ReelsA Farewell to Arms
36.1%
Daily SayingAs I Lay Dying
29%
Impaled FranksMansfield Park
21.9%
No Lass VendorsSons and Lovers
21.5%
Alarm SirensSilas Marner
18.1%
Rue Hued ObjectsJude the Obscure
16.9%
Dim HeartsHard Times
14.1%
Precinct of OrcaTropic of Cancer
13.7%
The Shining PaletteThe English Patient
13.4%
Moon JetsTom Jones
12.9%
Feral PiePale Fire
10.8%

You're not logged in!

Compare scores with friends on all Sporcle quizzes.
Join for Free
OR
Log In

You Might Also Like...

Show Comments

Extras

Top Quizzes Today


Score Distribution

Your Account Isn't Verified!

In order to create a playlist on Sporcle, you need to verify the email address you used during registration. Go to your Sporcle Settings to finish the process.

Report this User

Report this user for behavior that violates our Community Guidelines.

Details: